Mademoiselle de Maupin I

में बचाया:
ग्रंथसूची विवरण
मुख्य लेखक: Gautier, Théophile
स्वरूप: पुस्तक
भाषा:Undetermined
प्रकाशित: Alemania G. Charpentier 1887
विषय:
टैग: टैग जोड़ें
कोई टैग नहीं, इस रिकॉर्ड को टैग करने वाले पहले व्यक्ति बनें!

MARC

LEADER 00000nam a2200000Ia 4500
008 170316s9999 xx 000 0 und d
040 |a cru BVZT 
090 |a 840 G-3m v.1 
100 |a Gautier, Théophile 
245 |a Mademoiselle de Maupin I 
260 |a Alemania 
260 |b G. Charpentier 
260 |c 1887 
300 |a 409 páginas 
650 |a LITERATURA FRANCESA 
999 |c 7705  |d 7705 
942 |c 15 D  |h 840 G-3m v.1  |2 z